Los Estados Unidos de hoy / (Record no. 144168)

MARC details
000 -LEADER
campo de control de longitud fija 00530nam a2200169 4500
001 - NÚMERO DE CONTROL
campo de control 144168
003 - IDENTIFICADOR DE NÚMERO DE CONTROL
campo de control ES-MaACL
005 - FECHA Y HORA DE LA ÚLTIMA TRANSACCIÓN
campo de control 20230906200946.0
007 - CAMPO FIJO DE DESCRIPCIÓN FÍSICA--INFORMACIÓN GENERAL
campo de control de longitud fija t|
008 - DATOS DE LONGITUD FIJA--INFORMACIÓN GENERAL
campo de control de longitud fija 070214s1931 sp r ||||1| spa d
100 1# - ENTRADA PRINCIPAL--NOMBRE DE PERSONA
Nombre de persona Siegfried, André.
9 (RLIN) 106225
245 14 - MENCIÓN DEL TÍTULO
Título Los Estados Unidos de hoy /
Mención de responsabilidad, etc. André Siegfried ; traducción de Antonio González de la Peña.
260 ## - PUBLICACIÓN, DISTRIBUCIÓN, ETC.
Lugar de publicación, distribución, etc. Madrid :
Nombre del editor, distribuidor, etc. [s.n.],
Fecha de publicación, distribución, etc. 1931 (
Fabricante Artes Gráf.)
300 ## - DESCRIPCIÓN FÍSICA
Extensión 454 p. ;
Dimensiones 20 cm.
700 1# - ENTRADA AGREGADA--NOMBRE PERSONAL
Nombre de persona González de la Peña, Antonio.
9 (RLIN) 58552
852 ## - LOCALIZACIÓN
Ubicación ES-MaACL
Número de control de estantería B-12263
Holdings
Estatus retirado Estado de pérdida Estado de daño No para préstamo Biblioteca de origen Biblioteca actual Ubicación en estantería Fecha de adquisición Fuente de adquisición Total de préstamos Signatura topográfica completa Código de barras Visto por última vez Precio de reemplazo Tipo de ítem Koha
        Biblioteca del Ateneo de Madrid Biblioteca del Ateneo de Madrid Sala Pardo Bazán 17/01/2008     B-12263 1149992 23/02/2023 23/02/2023 Libro impreso